000 01066nam a22002892 4500
001 0000004265
005 20151217145801.0
008 070522s xx 000 0 eng d
020 _a8176355747 :
_cKES 1,800
040 _aKABU
_cKABU
050 0 _aQA76.76
_b.O63P47 2001
100 1 _aPerry, Greg M.
_@0000154738
245 1 0 _aSam teach yourself Micosoft Windows XP in 24 hours /
_cGreg Perry.
260 _aNew Delhi :
_bTechmedia,
_cc2001.
300 _axiii, 434 p. :
_bill. ;
_c23 cm.
440 0 _aSams teach yourself in 24 hours
_@0000154739
500 _aIncludes index.
650 0 _aMicrosoft Windows (Computer file)
_@0000148402
650 0 _aOperating systems (Computers)
_@0000146540
908 _a070522
950 _@1
999 _c2576
_d2576